| 000 | 00467nam a2200181Ia 4500 | ||
|---|---|---|---|
| 001 | 10628 | ||
| 005 | 20260306161846.0 | ||
| 008 | 260306t1975||||xx |||||||||||||| ||spa|| | ||
| 041 | _aESP | ||
| 082 |
_a945.091 _bT19 |
||
| 100 |
_aTannenbaum, Edward R. _eAUT |
||
| 245 | 0 |
_aLa experiencia fascista: _bsociedad y cultura en Italia (1922-1945) |
|
| 260 | _c1975 | ||
| 300 |
_a463 páginas : _c20 cm. |
||
| 650 | _aGEN | ||
| 654 | _aCHU | ||
| 942 |
_cLIB _dJUS _fJUS _2ddc _n |
||
| 999 |
_c10628 _d10628 |
||